000 00348nam a2200157Ia 4500
100 _aSimon/Richard
490 _vI
942 _cBK
654 _aComputer
245 _aWindows 95 Win 32Programming ADI Bible Book i
260 _bTechmedia
_aNew york
_c1998
082 _a005.13(W)
_bSIM
300 _a1378
546 _aENGLISH
999 _c32049
_d32049